Florida Panthers Roster - Statistics

General Stats
  • This quiz has been taken 120 times
    4 since last reset
  • The average score is 13 of 33
Answer Stats
Position Number Answer % Correct
Defenseman 5 Aaron Ekblad
100%
Defenseman 42 Gustav Forsling
100%
Center 15 Anton Lundell
75%
Left Wing 63 Brad Marchand
75%
Left Wing 19 Matthew Tkachuk
75%
Defenseman 77 Niko Mikkola
75%
Center 13 Sam Reinhart
75%
Goaltender 72 Sergei Bobrovsky
75%
Center 23 Carter Verhaeghe
50%
Left Wing 29 Cole Reinhardt
50%
Goaltender 40 Daniil Tarasov
50%
Center 27 Eetu Luostarinen
50%
Center 9 Sam Bennett
50%
Defenseman 26 Uvis Balinskis
50%
Left Wing 10 A.J. Greer
25%
Right Wing 79 Cole Schwindt
25%
Defenseman 6 Donovan Sebrango
25%
Center 17 Evan Rodrigues
25%
Center 53 Jack Studnicka
25%
Defenseman 2 Jeff Petry
25%
Center 70 Jesper Boqvist
25%
Left Wing 12 Jonah Gadjovich
25%
Center 71 Luke Kunin
25%
Right Wing 25 Mackie Samoskevich
25%
Center 18 Noah Gregor
25%
Left Wing 25 Nolan Foote
25%
Defenseman 3 Seth Jones
25%
Center 92 Tomáš Nosek
25%
Defenseman 7 Dmitry Kulikov
0%
Defenseman 20 Michael Benning
0%
Left Wing 95 Sandis Vilmanis
0%
Defenseman 2 Tobias Björnfot
0%
Center 13,24 Vinnie Hinostroza
0%
No matching quizzes found
Score Distribution
Percent of People with Each Score
Percentile by Number Answered
Your Score History
You have not taken this quiz since the last reset